L'invenzione della bisessualità : discussioni fra teologi, medici e giuristi del 17. secolo sull'ambiguità dei corpi e delle anime /

Saved in:
Bibliografiske detaljer
Hovedforfatter: Marchetti, Valerio (Author)
Format: Bog
Sprog:italiensk
Udgivet: Milano : B. Mondadori, [2008]
Serier:Economica ; 108
Fag:
Tags: Tilføj Tag
Ingen Tags, Vær først til at tagge denne postø!

MARC

LEADER 00000nam a22000007i 4500
001 IT\ICCU\IEI\0288104
003 ItRI
005 20260115232123.0
008 081209s2008 it |||||| ||||| |||||c
020 |a 9788861592094 
040 |b ita  |c importazione bologna sebina 
041 7 |a ita  |2 ISO-639-2 
100 1 |a Marchetti, Valerio  |0 IT\ICCU\CFIV\082163  |4 aut 
245 1 2 |a L'invenzione della bisessualità :  |b discussioni fra teologi, medici e giuristi del 17. secolo sull'ambiguità dei corpi e delle anime /  |c Valerio Marchetti. 
260 |a Milano :  |b B. Mondadori,  |c [2008] 
300 |a XVIII, 381 p. ;  |c 21 cm. 
650 7 |a Ermafroditismo 
790 1 |a Marchetti Rozen, Valerio  |3 IT\ICCU\UBOV\962010  |z Marchetti, Valerio 
830 0 |a Economica ;  |v 108  |0 IT\ICCU\TO0\1207871 
942 |2 ddc  |c BK  |n 0 
952 |0 0  |1 0  |4 0  |6 B_306_765000000000000_MAR  |7 0  |9 20389  |a BO  |b BO  |d 2026-01-15  |i 13844  |l 0  |o B 306.765 MAR  |p BO13844  |r 2026-01-15 23:21:23  |w 2026-01-15  |x [Sebina 5] [1 v.]  |y BK  |z 1 v. 
952 |0 0  |1 0  |4 0  |6 B_306_765000000000000_MAR  |7 0  |9 20390  |a BO  |b BO  |d 2026-01-15  |i 15033  |l 0  |o B 306.765 MAR  |p BO15033  |r 2026-01-15 23:21:23  |w 2026-01-15  |x [Sebina 5] [1 v.]  |y BK  |z 1 v. (2. copia) 
999 |c 17397  |d 17397